Haley - Statistics

General Stats
  • This quiz has been taken 2 times
  • The average score is 5 of 15
Answer Stats
Question Answer % Correct
How many years have I been in dance? 13
100%
How old am I? 17
100%
How old is my brother? 20
100%
How many kids did I babysit this summer? 3
50%
What is one of my three favorite colors? Green, Pink, or Black
50%
What color is my phone case? Pink
50%
Who is my favorite NFL team? 49ers
0%
What is the name of the last person I kissed? Brody
0%
What is the name of my last boyfriend? Dustyn
0%
When is my birthday? Feb 19
0%
What type of car do I have? Kia Spectra
0%
Who is my favorite teacher? Nix
0%
What will I name my corgi? Nugget
0%
Who have I seen in concert the most times (3)? PVRIS
0%
What is my favorite club at school? Quiz Bowl
0%
No matching quizzes found
Score Distribution
Percent of People with Each Score
Percentile by Number Answered
Your Score History
You have not taken this quiz